Perspectivas del comercio internacional de América Latina y el Caribe

التفاصيل البيبلوغرافية
مؤلف مشترك: Comisión Económica para América Latina y el Caribe
التنسيق: كتاب
اللغة:Spanish
الموضوعات:

MARC

LEADER 00000nam a22000007a 4500
003 Ucuenca
005 20230308225908.0
008 180507b2017 cl ||||| |||| 00| 0 spa d
020 |a 978-92-1-121968-5 (versión impresa) 
020 |a 978-92-1-058605-4 (versión pdf) 
020 |a 978-92-1-358069-1 (versión ePub) 
040 |b spa 
041 0 |a spa 
082 0 |a 382 
245 |a Perspectivas del comercio internacional de América Latina y el Caribe  |c Naciones Unidas y Comisión Económica para América Latina y el Caribe,  |h imp 
264 |a Santiago  |b CEPAL  |c 2017 
300 |a 169 páginas:  |b tab  |c 27.5 cm 
504 |a incl. ref. 
505 1 |a Reporte del comercio regional en un contexto global incierto -- El débil desempeño de la región en el comercio de servicios modernos -- América Latina y el Caribe frente a los desafíos del comercio agropecuario mundial. 
650 0 |9 11939  |a Comercio internacional 
650 0 |9 39790  |a Caribe 
650 0 |a América Latina  |9 878 
710 2 |a Comisión Económica para América Latina y el Caribe.   |g CEPAL  |9 51003 
942 |2 ddc  |c BK  |z marlene.quinde@ucuenca.edu.ec 
999 |c 154448  |d 154448